00839nam a22002297a 4500008004100000020001500041040001800056041000800074100003600082245010500118260007600223300003200299490002600331504002800357506002200385650003300407650003300440650002200473650005900495650002600554650002900580130821s1995 ck a gr spa  a9589298362 aCo-BoUCMbspa0 aspa1 aVilla Ayala, Gilberto Alejandro10aDépositos de Archivobconsideraciones básicas para su gestióncGilberto Alejandro Villa Ayala. aBogotá (Cundinamarca, Colombia)bArchivo General de la Naciónc1995 a35 páginasbilustraciones 0aGuías y Manualesv2 aIncluye bibliografía. aConsulta en sala.04aAdministración de archivos04aAlmacenamiento de documentos04aBibliotecología04aDistribución de espacios (Unidades de información)04aEdificios de archivos04aEdificios de bibliotecas